Management

Salvato in:
Dettagli Bibliografici
Autore principale: Griffin, Ricky W.
Natura: Libro
Lingua:inglese
Pubblicazione: Boston Houghton Mifflin Co. 1987
Edizione:2. ed.
Soggetti:
Tags: Aggiungi Tag
Nessun Tag, puoi essere il primo ad aggiungerne!!

MARC

LEADER 00000nam a2200000 4500
001 c003702
005 20221219121124.1
020 |a 0-395-35668-7 
041 0 |a eng 
044 |a US 
245 1 0 |a Management  |c Ricky W. Griffin 
250 |a 2. ed. 
264 1 |a Boston  |b Houghton Mifflin Co.  |c 1987 
300 |a 781 s. 
610 2 0 |a riadenie podnikové 
610 2 0 |a manažment 
610 2 0 |a pracovníci riadiaci 
610 2 0 |a teória riadenia 
610 2 0 |a podnik 
610 2 0 |a plánovanie podnikové 
610 2 0 |a rozhodovanie podnikové 
610 2 0 |a ciele riadenia 
610 2 0 |a stratégia podniková 
610 2 0 |a riadenie strategické 
610 2 0 |a organizácia podniku 
610 2 0 |a organizácia práce 
610 2 0 |a vedenie 
610 2 0 |a motivácia pracovná 
610 2 0 |a komunikácia 
610 2 0 |a kontrola podniková 
610 2 0 |a riadenie operatívne 
610 2 0 |a práca personálna 
610 2 0 |a podnik medzinárodný 
100 1 |a Griffin, Ricky W.